| 000 | 00549 a2200181 4500 | ||
|---|---|---|---|
| 999 |
_c26609 _d26609 |
||
| 008 | 230621b ||||| |||| 00| 0 eng d | ||
| 020 |
_a9789389991444 _cRs775.00 |
||
| 041 | 0 | _aeng | |
| 082 | 0 | 0 |
_a346.5402 _bM9581 |
| 100 | _aMulla, Dinshaw Fardunji | ||
| 245 |
_aThe Indian Contract Act 1872 / _cSir Dinshaw Fardunji Mulla ; edited by Anirudh Wadhwa |
||
| 250 | _a16th ed. | ||
| 260 |
_aGurgaon: _bLexis Nexis, _c2021. |
||
| 300 |
_axcvi, 474 p. ; _c24 cm |
||
| 650 | 0 | _aIndian Act | |
| 700 |
_95505 _aWadhwa, Anirudh _eeditor |
||
| 942 |
_2ddc _cBK |
||